| 000 | 01030nam a22002777a 4500 | ||
|---|---|---|---|
| 005 | 20211105120728.0 | ||
| 008 | 130821s2011 ck gr spa | ||
| 020 | _a9789588211034 (2a.Ed.) | ||
| 040 |
_aCO-BoUCM _bspa _cDeissy Garcia (modificó) _dAldemar Mondragón |
||
| 041 | 0 | 0 | _aspa |
| 100 | 1 |
_aTaylor, Frederick Winslow _92991 |
|
| 245 | 1 | 0 |
_aPrincipios de la administración científica _cFrederick Winslow Taylor ; prólogo de Hermann Hitz Lender |
| 250 | _a2a.Ed. | ||
| 260 |
_aBogotá (Colombia) _bEdigrama _c2011 |
||
| 300 | _a234 páginas | ||
| 500 | _aIncluye índice | ||
| 501 | _aAdministración industrial y general / Henri Fayol | ||
| 650 | 7 |
_aAdministración _xFilosofía _934076 |
|
| 650 | 7 |
_aAdministración _xHistoria _934744 |
|
| 650 | 7 |
_aAdministración _xTeorías _934092 |
|
| 690 |
_aAdministración de empresas _9435 |
||
| 700 | 1 |
_aFayol, Henri _934186 |
|
| 700 | 1 |
_aHitz lender, Hermann _eprólogo _934187 |
|
| 942 |
_cLIBRO _a16 _e2 _mT195p _2DEWEY _h658 _n0 |
||
| 999 |
_c165345 _d165345 |
||